Misiones cubanas en los archivos europeos / (Record no. 39737)
[ view plain ]
| 000 -CABECERA | |
|---|---|
| campo de control de longitud fija | 00696nam a2200193 a 4500 |
| 005 - FECHA Y HORA DE LA ÚLTIMA TRANSACCIÓN | |
| campo de control | 20210223122700.0 |
| 008 - ELEMENTOS DE LONGITUD FIJA--INFORMACIÓN GENERAL | |
| campo de control de longitud fija | 991125s1951 mx 000 0 spa u |
| 035 ## - NÚMERO DE CONTROL DEL SISTEMA | |
| Número de control de sistema | UPN01000039737 |
| 049 ## - COLECCIÓN | |
| Colección | CG |
| 050 #4 - SIGNATURA TOPOGRÁFICA DE LA BIBLIOTECA DEL CONGRESO | |
| Número de clasificación | F1776 |
| Número de documento/Ítem | M6.4 |
| 100 1# - ASIENTO PRINCIPAL--NOMBRE PERSONAL | |
| Nombre de persona | Moreno Fraginals, Manuel |
| 245 10 - MENCIÓN DE TÍTULO | |
| Título | Misiones cubanas en los archivos europeos / |
| Mención de responsabilidad, etc. | Manuel Moreno Fraginals. |
| 260 ## - PUBLICACIÓN, DISTRIBUCIÓN, ETC. | |
| Lugar de publicación, distribución, etc. | México : |
| Nombre del editor, distribuidor, etc. | Instituto Panamericano de Geografía e Historia, |
| Fecha de publicación, distribución, etc. | 1951. |
| 300 ## - DESCRIPCIÓN FÍSICA | |
| Extensión | 124 p. |
| 440 #0 - MENCIÓN DE SERIE/ASIENTO SECUNDARIO--TÍTULO | |
| Título | Misiones americanas en los archivos europeos ; |
| Designación de volumen o secuencia | 3 |
| 440 ## - MENCIÓN DE SERIE/ASIENTO SECUNDARIO--TÍTULO | |
| Título | Publicaciones/ Instituto Panamericano de Geografía e Historia. |
| Nombre de parte o sección de la obra | Comisión de Historia ; |
| Designación de volumen o secuencia | 28 |
| 651 #4 - ASIENTO SECUNDARIO DE MATERIA - NOMBRE GEOGRAFICO | |
| Nombre geográfico | CUBA - |
| Subdivisión general | HISTORIA - |
| Subdivisión de forma | FUENTES |
| 9 (RLIN) | 12123 |
| 905 ## - TIPO DE MATERIAL | |
| Tipo de material | Libro |
| Estado de retiro | Estado de pérdida | Fuente del sistema de clasificación o colocación | Estado dañado | No para préstamo | Código de colección | Localización permanente | Ubicación/localización actual | Ubicación en estantería | Total de préstamos | Clasificación | Código de barras | Fecha visto por última vez | Número de copia | Tipo de ítem Koha |
|---|---|---|---|---|---|---|---|---|---|---|---|---|---|---|
| Library of Congress Classification | Colección General | Bib. Gregorio Torres Quintero | Bib. Gregorio Torres Quintero | Planta baja | F1776 M6.4 | 42758 | 31/12/2020 | 1 | Libro |
